000 00446pab a2200145 454500
008 180718b2003 xxu||||| |||| 00| 0 eng d
100 _aMoynihan, Donald P.
245 _aNormative and instrumental perspectives on public participation: Citizens Summits in Washington, D.C.
260 _c2003
300 _ap.164-88.
362 _aJun
650 _aEmployee participation
773 _aAmerican Review of Public Administration
909 _a57556
999 _c57556
_d57556